La Xarxa de telèfons de la Mancomunitat de Catalunya (1916-1924) / Josep Nieto i Trullàs
Publicado:
[s.l., s.n.] :
1991
Descripción Física:
124 f. . mecanografiats ; 30 cm
MARC
| LEADER | 00000nam a2200000Ia 4500 | ||
|---|---|---|---|
| 001 | 10468 | ||
| 008 | 160829s1991 xx 000 0 cat d | ||
| 080 | |a C-1-141 | ||
| 100 | |a Nieto i Trullàs, Josep |9 20607 | ||
| 245 | |a La Xarxa de telèfons de la Mancomunitat de Catalunya (1916-1924) / Josep Nieto i Trullàs | ||
| 260 | |a [s.l., s.n.], |c 1991 | ||
| 300 | |a 124 f. . mecanografiats ; |c 30 cm | ||
| 650 | |a Línies telefòniques |x Catalunya |x 1916/1924 |9 20608 | ||
| 901 | |a Arxiu | ||
| 942 | |n 1 | ||
| 952 | |0 0 |1 0 |4 0 |6 C1141 |7 1 |9 41605 |a Arxiu |b Arxiu |d 2016-12-01 |l 0 |o C-1-141 |p 10468 |r 2016-12-01 00:00:00 |w 2016-12-01 |y ARXIU | ||
| 999 | |c 43495 |d 43495 | ||